Les meilleurs buteurs de l'équipe de France - Statistiques

Statistiques générales
  • Ce quiz a été pris 160 fois
  • Le résultat moyen est 12 sur 20
Statistiques - réponses
# Joueur Buts % Correct
3 Kylian Mbappé 48
98%
1 Olivier Giroud 57
98%
4 Antoine Griezmann 44
97%
2 Thierry Henry 51
93%
8 Zinedine Zidane 31
90%
6 Karim Benzema 37
85%
5 Michel Platini 41
82%
7 David Trezeguet 34
72%
9 Just Fontaine 30
70%
10 Jean-Pierre Papin 30
65%
19 Franck Ribéry 18
56%
18 Raymond Kopa 18
52%
11 Youri Djorkaeff 28
47%
12 Sylvain Wiltord 26
42%
15 Éric Cantona 20
39%
20 Laurent Blanc 16
33%
14 Jean Nicolas 21
12%
13 Jean Vincent 22
10%
17 Roger Piantoni 19
10%
16 Jean Baratte 20
7%
Aucun quiz correspondant
Distribution des résultats
% des personnes avec chaque résultat
Percentile par nombre de réponses
Votre historique - résultats
Vous n’avez pas pris ce quiz